NFL Top 10 Passing Touchdowns 2000s - Statistics

General Stats
  • This quiz has been taken 33 times
  • The average score is 84 of 105
Answer Stats
Year Team Player % Correct
2009: 4 Packers Aaron Rodgers
100%
2008: 4 Packers Aaron Rodgers
100%
2009: 1 Saints Drew Brees
100%
2008: 1 Saints Drew Brees
100%
2007: 6 Saints Drew Brees
100%
2006: 3 Saints Drew Brees
100%
2005: 5 Chargers Drew Brees
100%
2004: 9 Chargers Drew Brees
100%
2009: 8 Giants Eli Manning
100%
2008: 10 Giants Eli Manning
100%
2006: 6 Giants Eli Manning
100%
2005: 4 Giants Eli Manning
100%
2009: 2 Colts Peyton Manning
100%
2008: 5 Colts Peyton Manning
100%
2007: 4 Colts Peyton Manning
100%
2006: 1 Colts Peyton Manning
100%
2005: 2 Colts Peyton Manning
100%
2004: 1 Colts Peyton Manning
100%
2003: 2 Colts Peyton Manning
100%
2002: 2 Colts Peyton Manning
100%
2001: 5 Colts Peyton Manning
100%
2000: 1 Colts Peyton Manning
100%
2009: 6 Patriots Tom Brady
100%
2007: 1 Patriots Tom Brady
100%
2006: 5 Patriots Tom Brady
100%
2005: 3 Patriots Tom Brady
100%
2004: 6 Patriots Tom Brady
100%
2003: 10 Patriots Tom Brady
100%
2002: 1 Patriots Tom Brady
100%
2009: 3 Vikings Brett Favre
96%
2008: 9 Jets Brett Favre
96%
2007: 7 Packers Brett Favre
96%
2005: 10 Packers Brett Favre
96%
2004: 4 Packers Brett Favre
96%
2003: 1 Packers Brett Favre
96%
2002: 3 Packers Brett Favre
96%
2001: 3 Packers Brett Favre
96%
2000: 10 Packers Brett Favre
96%
2009: 10 Steelers Ben Roethlisberger
91%
2007: 3 Steelers Ben Roethlisberger
91%
2009: 9 Bears Jay Cutler
91%
2008: 7 Broncos Jay Cutler
91%
2009: 10 Cardinals Kurt Warner
91%
2008: 3 Cardinals Kurt Warner
91%
2007: 9 Cardinals Kurt Warner
91%
2001: 1 Rams Kurt Warner
91%
2000: 8 Rams Kurt Warner
91%
2009: 5 Texans Matt Schaub
91%
2009: 7 Chargers Philip Rivers
91%
2008: 2 Chargers Philip Rivers
91%
2006: 8 Chargers Philip Rivers
91%
2009: 10 Cowboys Tony Romo
91%
2008: 6 Cowboys Tony Romo
91%
2007: 2 Cowboys Tony Romo
91%
2007: 10 Bengals Carson Palmer
87%
2006: 2 Bengals Carson Palmer
87%
2005: 1 Bengals Carson Palmer
87%
2004: 2 Vikings Daunte Culpepper
87%
2003: 6 Vikings Daunte Culpepper
87%
2000: 2 Vikings Daunte Culpepper
87%
2008: 8 Eagles Donovan McNabb
87%
2004: 3 Eagles Donovan McNabb
87%
2001: 7 Eagles Donovan McNabb
87%
2000: 9 Eagles Donovan McNabb
87%
2007: 8 Seahawks Matt Hasselbeck
87%
2005: 6 Seahawks Matt Hasselbeck
87%
2004: 10 Seahawks Matt Hasselbeck
87%
2003: 3 Seahawks Matt Hasselbeck
87%
2002: 5 Raiders Rich Gannon
78%
2001: 4 Raiders Rich Gannon
78%
2000: 5 Raiders Rich Gannon
78%
2006: 10 Falcons Michael Vick
74%
2005: 8 Cowboys Drew Bledsoe
70%
2002: 7 Bills Drew Bledsoe
70%
2008: 10 Patriots Matt Cassel
65%
2003: 9 Titans Steve McNair
65%
2002: 8 Titans Steve McNair
65%
2001: 9 Titans Steve McNair
65%
2003: 4 Buccaneers Brad Johnson
57%
2002: 10 Buccaneers Brad Johnson
57%
2005: 9 Redskins Mark Brunell
57%
2000: 10 Jaguars Mark Brunell
57%
2000: 7 Jets Vinny Testaverde
57%
2005: 7 Panthers Jake Delhomme
52%
2004: 5 Panthers Jake Delhomme
52%
2001: 2 49ers Jeff Garcia
52%
2000: 3 49ers Jeff Garcia
52%
2005: 10 Raiders Kerry Collins
52%
2000: 6 Giants Kerry Collins
52%
2006: 7 Bears Rex Grossman
52%
2004: 7 Chiefs Trent Green
52%
2003: 7 Chiefs Trent Green
52%
2002: 6 Chiefs Trent Green
52%
2002: 9 Jets Chad Pennington
43%
2006: 4 Rams Marc Bulger
43%
2003: 8 Saints Aaron Brooks
39%
2002: 4 Saints Aaron Brooks
39%
2001: 6 Saints Aaron Brooks
39%
2007: 5 Browns Derek Anderson
39%
2004: 8 Broncos Jake Plummer
39%
2000: 4 Chiefs Elvis Grbac
35%
2006: 9 Lions Jon Kitna
30%
2003: 5 Bengals Jon Kitna
30%
2001: 8 Broncos Brian Griese
26%
2001: 10 Dolphins Jay Fiedler
17%
No matching quizzes found
Score Distribution
Percent of People with Each Score
Percentile by Number Answered
Your Score History
You have not taken this quiz